Score 0/24 Timer 05:00
2 Plays Today
% Correct
John FITZGERALD
Kennedy
92.6%
Barack HUSSEIN
Obama II
91.9%
Franklin DELANO
Roosevelt Sr.
86.2%
George HERBERT
WALKER Bush
84.9%
Richard MILHOUS
Nixon
82.2%
David DWIGHT
Eisenhower
80.6%
Lyndon BAINES
Johnson
80.1%
George WALKER
Bush
79.3%
William JEFFERSON
Blythe III
77.6%
Thomas WOODROW
Wilson
72.4%
Hiram ULYSSES
Grant
68.3%
Donald JOHN
Trump
67.8%
% Correct
John QUINCY
Adams
65.9%
William HOWARD
Taft
60.2%
James EARL
Carter Jr.
60.2%
Ronald WILSON
Reagan
56%
James KNOX
Polk
55.5%
Warren GAMALIEL
Harding
50.5%
Herbert CLARK
Hoover
47.9%
Rutherford BIRCHARD
Hayes
46.6%
Leslie LYNCH
King Jr.
44.7%
William HENRY
Harrison Sr.
44.3%
James ABRAM
Garfield
43.2%
Chester ALAN
Arthur
36.1%
Remove Ads.
Support Sporcle.
Get the best of Sporcle when you Go Orange. This ad-free experience offers more features, more stats, and more fun while also helping to support Sporcle. Thank you for becoming a member.

You're not logged in!

Compare scores with friends on all Sporcle quizzes.
OR
Log In

Sporcle TV

Today on Sporcle TV


Watch our educational content, quiz creation guides, and fun videos on Sporcle TV.

Show Comments

Extras

Top Quizzes Today


Score Distribution

Paid Content

Your Account Isn't Verified!

In order to create a playlist on Sporcle, you need to verify the email address you used during registration. Go to your Sporcle Settings to finish the process.

Report this User

Report this user for behavior that violates our Community Guidelines.

Details: